Giáo trình cơ sở âm học và kiến trúc Dùng trong các trường Đại học Kiến trúc và Xây dựng
Saved in:
| Format: | Book |
|---|---|
| Language: | Undetermined |
| Published: |
Hà Nội
Xây Dựng
1979
|
| Subjects: | |
| Tags: |
Add Tag
No Tags, Be the first to tag this record!
|
| Institutions: | Trung tâm Học liệu Trường Đại học Cần Thơ |
|---|
| LEADER | 00558nam a2200169Ia 4500 | ||
|---|---|---|---|
| 001 | CTU_11812 | ||
| 008 | 210402s9999 xx 000 0 und d | ||
| 082 | |a 690 | ||
| 082 | |b Gi108 | ||
| 245 | 0 | |a Giáo trình cơ sở âm học và kiến trúc | |
| 245 | 0 | |b Dùng trong các trường Đại học Kiến trúc và Xây dựng | |
| 260 | |a Hà Nội | ||
| 260 | |b Xây Dựng | ||
| 260 | |c 1979 | ||
| 650 | |a architectural acoustics,buildings | ||
| 904 | |i Minh, 961104 | ||
| 980 | |a Trung tâm Học liệu Trường Đại học Cần Thơ | ||